000 00594nam a2200241Ia 4500
003 OSt
005 20221005115426.0
006 a|||||r|||| 00| 0
007 ta
008 221004b |||||||| |||| 00| 0 kan d
024 _a58978
037 _cTextual
040 _aCRL
_cCRL
_bkan
041 _2kan
_akan
082 _aNW, 33L4
100 _aSubbanna K. V. Au.
_9593266
245 0 _aChalanachitrada mahanauke
260 _c1974
650 _a KANNAD LITERATURE
650 _aARTS
942 _hNW, 33L4
_cTEXL
_2cc
999 _c1034787
_d1034787